000 01239nam a2200301 a 4500
001 1995416
003 ARRUPE
005 20160323141941.0
008 890615s1974 tz a b 000 0 eng
010 _a 89980359
040 _aDLC
_cDLC
_dDLC
043 _af-tz---
050 0 0 _aDT443.3.B35
_bL87 1974
082 0 0 _a306.4/0899639067827
_220
100 1 _aLutahoire, Sebastian K.
_q(Sebastian Kompaan)
_923375
245 1 4 _aThe human life cycle among the Bantu :
_bwith special reference to the people of the West Lake Region, Tanzania /
_cSebastian K. Lutahoire.
260 _aArusha, Tanzania :
_bEvangelical Lutheran Church of Tanzania,
_cc1974.
300 _aviii, 157 p. :
_bill. ;
_c20 cm.
490 1 _aMakumira publication ;
_v2
504 _aIncludes bibliographical references.
650 0 _aBantu-speaking peoples
_zTanzania
_zWest Lake Region
_xSocial life and customs.
_923376
650 0 _xMissions
_zTanzania
_zWest Lake Region.
_923377
650 0 _aMissions
_zTanzania
_zWest Lake Region.
_923377
830 0 _aMakumira publications ;
_v2.
_923378
906 _a7
_bcbc
_corignew
_d3
_encip
_f19
_gy-gencatlg
942 _2lcc
_cMONOGRAPH
999 _c124481
_d124481